000 00455 a2200121 4500
001 ART_11337
005 20260410161856.0
008 260409a
245 1 0 _aInversión, demanda y rentabilidad de la actividad hotelera. Ley de promoción y fomento turístico de la provincia de Córdoba Nº 7232
100 1 _aSonnet, Fernando H.
700 1 _aBlanco, Alfredo F.
773 0 _tRevista de Economía
_g- Nº 42/43 (jun. 1985)
_wREV11077
999 _c25480
_d25480